000 00402nam a2200145Ia 4500
005 20240522035006.0
008 240331s9999 xx 000 0 und d
082 _bADL
_a338.9
100 _aAdler, J.H
245 0 _aInternational development 1968 :
_baccomlishments and apprehensions
260 _aNew York
_bOceana Publications, Inc
_c1969
300 _axi, 351 p .,
650 _aEconomic
942 _cL
999 _c2680
_d2680